Catálogo ilustrado de las plantas de Cundinamarca : (Registro nro. 8160)

Detalles MARC
000 -CABECERA
Campo de control 00740nam a22002177a 4500
005 - FECHA Y HORA DE LA ULTIMA TRANSACCION
Campo de control 20180803165530.0
008 - ELEMENTOS DE LONGITUD FIJA—INFORMACION GENERAL
Campo de control 140227b1979 ck ||||| |||| 00| 0 spa d
041 ## - IDIOMA
Código de idioma para texto/pista de sonido o título separado Español
044 ## - PAÍS DE PUBLICACIÓN
País de publicación Colombia
082 ## - NUMERO DE CLASIFICACION DECIMAL DEWEY
Número de clasificación 580.9864
Número del ítem U54c3
100 1# - ASIENTO PRINCIPAL--NOMBRE PERSONAL
Nombre personal Camargo-G. Lus Alfredo
245 10 - MENCION DE TITULO
Título Catálogo ilustrado de las plantas de Cundinamarca :
Parte restante del título volumen 7
Mención de responsabilidad Luis Alfredo Camargo
260 ## - PUBLICACION, DISTRIBUCION, ETC. (PIE DE IMPRENTA)
Lugar de publicación, distribución, etc. Bogotá
Nombre del editor, distribuidor, etc. Imprenta Nacional
Fecha de publicación, distribución, etc. 1979
300 ## - DESCRIPCION FISICA
Extensión v. 7, 86 p.
Otros detalles físicos il.
Dimensiones 23 cm.
504 ## - NOTA DE BIBLIOGRAFIA, ETC.
Nota de bibliografía Incluye índice y bibliografía
505 ## - NOTA DE CONTENIDO
Nota de contenido v. 7 Clethraceae ; Pyrolaceae : Ericaceae
650 ## - ASIENTO SECUNDARIO DE MATERIA - TERMINO TEMATICO
Término temático o nombre geográfico como elemento de entrada Plantas
Subdivisión geográfica Cundinamarca (Colombia)
650 ## - ASIENTO SECUNDARIO DE MATERIA - TERMINO TEMATICO
Término temático o nombre geográfico como elemento de entrada Botánica
Subdivisión geográfica Cundinamarca (Colombia)
650 #6 - ASIENTO SECUNDARIO DE MATERIA - TERMINO TEMATICO
Término temático o nombre geográfico como elemento de entrada Taxonomía vegetal
942 ## - ELEMENTOS ADICIONALES (KOHA)
Sistema de clasificación Dewey Decimal Classification
Tipo de ítem Impreso
Koha issues (borrowed), all copies 1
Existencias
Withdrawn status Lost status Sistema de Clasificación Damaged status No para préstamo Colección Inventariado Ubicación Permanente Ubicación actual Fecha de adquisición Fuente de Valor Total Checkouts Número topográfico Inventario / Código de Barras Date last seen Date checked out Ejemplar Price effective from Forma de adquisición Tipo de material
    Dewey Decimal Classification     General Inventariado 2017 Bogotá Bogotá 27/02/2014 Instituto 1 LB-580.9864 U54c3 059659 04/04/2016 04/04/2016 Ej. 1 27/02/2014   Libro
    Dewey Decimal Classification     General Inventariado 2017 Sala Fabio Quevedo Sala Fabio Quevedo 10/08/2017 Instituto   LB-580.9864 U54c3 041630 10/08/2017   Ej. 2 10/08/2017 Donación Libro